书目信息 |
| 题名: |
生态视角下的工业建筑遗产保护研究
|
|
| 作者: | 王连 著 | |
| 分册: | ||
| 出版信息: | 长春 东北师范大学出版社 2020.3 |
|
| 页数: | 202页 | |
| 开本: | 24cm | |
| 丛书名: | ||
| 单 册: | ||
| 中图分类: | TU27 | |
| 科图分类: | ||
| 主题词: | 工业建筑--文化遗产--保护--中国 | |
| 电子资源: | ||
| ISBN: | 978-7-5681-6801-4 | |
| 000 | 00876nam0 2200229 45 | |
| 001 | 012001002146 | |
| 005 | 20140913131037.0 | |
| 010 | @a978-7-5681-6801-4@dCNY58.00 | |
| 100 | @a20201216d2020 em y0chiy50 ea | |
| 101 | 0 | @achi |
| 102 | @aCN@b220000 | |
| 105 | @aa z 000yy | |
| 106 | @ar | |
| 200 | 1 | @a生态视角下的工业建筑遗产保护研究@Asheng tai shi jiao xia de gong ye jian zhu yi chan bao hu yan jiu@f王连著 |
| 210 | @a长春@c东北师范大学出版社@d2020.3 | |
| 215 | @a202页@c图@d24cm | |
| 330 | @a本书共分七章,内容包括:工业建筑遗产保护与再利用概述、生态视角下的工业建筑遗产保护与再利用策略、生态视角下的工业建筑遗产保护与再利用的环节设计研究、生态视角下的工业建筑遗产保护与再利用的发展研究等。 | |
| 606 | 0 | @a工业建筑@x文化遗产@x保护@y中国 |
| 690 | @aTU27@v5 | |
| 701 | 0 | @a王连@Awang lian@4著 |
| 801 | 0 | @aCN@bBJSDL@c20211011 |
| 905 | @b1338613-6@dTU27@e2009@f4 | |
| 生态视角下的工业建筑遗产保护研究/王连著.-长春:东北师范大学出版社,2020.3 |
| 202页:图;24cm |
| ISBN 978-7-5681-6801-4:CNY58.00 |
| 本书共分七章,内容包括:工业建筑遗产保护与再利用概述、生态视角下的工业建筑遗产保护与再利用策略、生态视角下的工业建筑遗产保护与再利用的环节设计研究、生态视角下的工业建筑遗产保护与再利用的发展研究等。 |
| ● |
| 相关链接 |
|
|
|
|
正题名:生态视角下的工业建筑遗产保护研究
索取号:TU27/2009
 
预约/预借
| 序号 | 登录号 | 条形码 | 馆藏地/架位号 | 状态 | 备注 |
| 1 | 1338613 | 213386138 | 第二样本阅览室/ [索取号:TU27/2009] | 在馆 | |
| 2 | 1338614 | 213386147 | 第三借阅区/ [索取号:TU27/2009] | 在馆 | |
| 3 | 1338615 | 213386156 | 第三借阅区/ [索取号:TU27/2009] | 在馆 | |
| 4 | 1338616 | 213386165 | 第三借阅区/ [索取号:TU27/2009] | 在馆 |